| 000 | 01274nam a2200241Ia 4500 | ||
|---|---|---|---|
| 003 | GCL | ||
| 008 | 140319s9999 xx 000 0 ara d | ||
| 040 |
_aGCL / _cGCL |
||
| 082 | 0 | 4 |
_a327.0956 _bح ش |
| 100 | 1 | _aحورانى، البرت | |
| 245 | 1 | 0 |
_aالشرق الاوسط الحديث : _bج1طلائع الاصلاح وتبدل العلاقات مع اوروبا1789-1918\ج2التحولات فى المجتمع والاقتصاد1789-1918\ج3بناء الايدلوجيات القومية والسياسات حتى سنة1950\ج 4منذ الحرب العالمية الثانية 1939-1993 / _cحورانى، البرت |
| 700 | 1 | _aاسعد صقر | |
| 250 | _aالاولى | ||
| 260 |
_aسوريا : _bطلاس للدراسات والترجمة والنشر ، _c1996 |
||
| 300 |
_a4 مج ؛ _c24 سم |
||
| 650 | 0 | 4 | _aمصر - الاحوال الاقتصادية |
| 650 | 0 | 4 | _aمصر - تاريخ - العصر الحديث - الاحتلال البريطانى |
| 650 | 0 | 4 | _aمصر - تاريخ - الحملة الفرنسية (1798-1801م) |
| 650 | 0 | 4 | _aالشرق الاوسط - تاريخ |
| 650 | 0 | 4 | _aالشرق الاوسط - العلاقات الخارجية |
| 650 | 0 | 4 | _aايران - تاريخ - العصر الاسلامى |
| 942 |
_2ddc _cBK |
||
| 999 |
_c8378 _d8378 |
||